Elves of Middle-Earth Quiz Stats

 Plays Quiz Updated Oct 30, 2017

Challenge
Share
Tweet
Embed
Score 0/24 Timer 07:00
4 Plays Today
Description of Elf Name of Elf % Correct
Member of the FellowshipLegolas
94.3%
Master of RivendellElrond
90.2%
Lady of LothlorienGaladriel
86.9%
Daughter of Master of RivendellArwen
83.6%
Lord of LothlorienCeleborn
66.3%
Scout of LothlorienHaldir
53.5%
King of the Wood-elves of MirkwoodThranduil
53%
Heroic Elf-lord of RivendellGlorfindel
46.6%
Shipwright of the Grey HavensCírdan
42.9%
'Greatest of the Noldor'Fëanor
40.2%
King of the Noldor in the 2nd AgeGil-galad
39.1%
1st King of Noldor in BeleriandFingolfin
33.3%
Description of Elf Name of Elf % Correct
King of DoriathElu Thingol
31.9%
Ring CrafterCelebrimbor
31.7%
1st King of Noldor in AmanFinwë
29.5%
King of NargothrondFinrod Felagund
27.6%
King of GondolinTurgon
26.3%
2nd King of the Noldor in AmanFinarfin
25.6%
The Dark ElfEöl
23.4%
Noldor King after Dagor BragollachFingon
22.5%
Helped Frodo in The ShireGildor Inglorion
21.5%
Friend of TurambarBeleg Strongbow
19.6%
King of the TeleriOlwë
19.3%
Son of The Dark ElfMaeglin
19.3%

You're not logged in!

Compare scores with friends on all Sporcle quizzes.
OR
Log In

You Might Also Like...

Show Comments

Extras

Top Quizzes Today


Score Distribution

Your Account Isn't Verified!

In order to create a playlist on Sporcle, you need to verify the email address you used during registration. Go to your Sporcle Settings to finish the process.

Report this User

Report this user for behavior that violates our Community Guidelines.

Details: